000 00299 a2200157 4500
001 171749
020 _a
040 _cMagnum
100 _aBelinky, Tatiana
240 1 0 _aRimandinho
_lpor
245 1 0 _aRimandinho
362 0 _a1899
440 1 _aPaulinas
697 _aI/POESIA
942 _cBK
999 _c171749
_d171749